[Event "Berlin Eckbauer op 20th"]
[Site "Berlin"]
[Date "2017.11.20"]
[Round "6"]
[White "Ziems, Michael"]
[Black "Stark, Wolfgang"]
[Result "0-1"]
[WhiteElo "1798"]
[BlackElo "2018"]
[PlyCount "74"]
[EventDate "2017.10.09"]
[EventType "swiss"]
[EventRounds "7"]
[EventCountry "GER"]
[SourceTitle "CBM 189 Extra"]
[Source "ChessBase"]
[SourceDate "2019.06.03"]
[SourceVersion "1"]
[SourceVersionDate "2019.06.03"]
[SourceQuality "1"]

1. d4 Nf6 2. c4 c5 3. dxc5 e6 4. Nc3 Bxc5 5. Nf3 b6 6. e3 Bb7 7. a3 Be7 8. Be2 0-0 9. b4 a5 10. b5 d6 11. Bb2 Nbd7 12. 0-0 Qc7 13. Rc1 Rac8 14. Na4 Rfd8 15. Nd4 Nc5 16. Bf3 Nxa4 17. Qxa4 Ne4 18. Qc2 d5 19. g3 Nd6 20. c5 Qxc5 21. Qa4 Nc4 22. Qb3 Qd6 23. Rxc4 dxc4 24. Qc3 Qd7 25. Bxb7 Qxb7 26. Nc6 Bf6 27. Nxd8 Rxd8 28. Qc2 c3 29. Bc1 Qd5 30. Qa4 Qf3 31. Qc2 h5 32. e4 h4 33. gxh4 Be5 34. Be3 Rd6 35. Rc1 Qh3 36. f3 Qxf3 37. Bf2 Rd2 0-1

[Event "Berlin Eckbauer op 19th"]
[Site "Berlin"]
[Date "2016.10.10"]
[Round "1"]
[White "Stark, Wolfgang"]
[Black "Hecht, Uwe"]
[Result "1-0"]
[WhiteElo "2018"]
[BlackElo "1788"]
[PlyCount "103"]
[EventDate "2016.10.10"]
[EventType "swiss"]
[EventRounds "7"]
[EventCountry "GER"]
[SourceTitle "EXT 2022"]
[Source "ChessBase"]
[SourceDate "2021.10.06"]
[SourceVersion "1"]
[SourceVersionDate "2021.10.06"]
[SourceQuality "1"]

1. c4 Nf6 2. g3 e5 3. Bg2 Nc6 4. Nc3 Bc5 5. e3 0-0 6. a3 a5 7. Nge2 Re8 8. 0-0 d6 9. d4 exd4 10. exd4 Bb6 11. Bg5 h6 12. Bxf6 Qxf6 13. Nd5 Qd8 14. Nxb6 cxb6 15. Nc3 Bd7 16. Nb5 Qb8 17. Qf3 d5 18. cxd5 Ne5 19. dxe5 Bxb5 20. e6 fxe6 21. Rfd1 Rf8 22. Qb3 Qe8 23. a4 Bd7 24. Re1 Rf6 25. Qxb6 Qf7 26. Qxb7 Rd8 27. f4 Qg6 28. Rac1 Kh8 29. Qc7 Rff8 30. Qxa5 exd5 31. Qxd5 Bh3 32. Qe4 Qb6+ 33. Kh1 Bf5 34. Qe5 Rd2 35. Rc7 Qxb2 36. Qxb2 Rxb2 37. Rc5 Bg6 38. Ra5 Rd8 39. Ra8 Rxa8 40. Bxa8 Rc2 41. Ra1 Bd3 42. Rd1 Bg6 43. Rd8+ Kh7 44. Bd5 Rc1+ 45. Kg2 Rc2+ 46. Kf3 Rc3+ 47. Kf2 Rc2+ 48. Ke3 Rxh2 49. Bg8+ Kh8 50. f5 Bh5 51. g4 Bxg4 52. Bf7+ 1-0

[Event "Berlin Eckbauer op 17th"]
[Site "Berlin"]
[Date "2014.10.06"]
[Round "1"]
[White "Stark, Wolfgang"]
[Black "Stoeckel, Johannes"]
[Result "1-0"]
[WhiteElo "2018"]
[BlackElo "1813"]
[PlyCount "67"]
[EventDate "2014.10.06"]
[EventType "swiss"]
[EventRounds "7"]
[EventCountry "GER"]
[SourceTitle "EXT 2022"]
[Source "ChessBase"]
[SourceDate "2021.10.06"]
[SourceVersion "1"]
[SourceVersionDate "2021.10.06"]
[SourceQuality "1"]

1. d4 Nf6 2. c4 g6 3. g3 d5 4. cxd5 Nxd5 5. Bg2 Bg7 6. Nf3 0-0 7. 0-0 c6 8. Nc3 Nd7 9. Nxd5 cxd5 10. Qb3 Nb6 11. Ne5 f6 12. Nd3 e5 13. dxe5 fxe5 14. Nb4 a5 15. Nxd5 Nxd5 16. Qxd5+ Qxd5 17. Bxd5+ Kh8 18. Kg2 Ra6 19. Be3 Rd6 20. Be4 Rfd8 21. Rac1 b5 22. Bg5 Bf6 23. Bxf6+ Rxf6 24. Rfd1 Rdf8 25. f3 Be6 26. b3 a4 27. bxa4 bxa4 28. Rd2 Kg7 29. Rc5 Re8 30. g4 Bg8 31. Ra5 h5 32. g5 Rb6 33. Rxa4 Reb8 34. Ra7+ 1-0

[Event "Berlin op 04"]
[Site "Berlin"]
[Date "2004.04.15"]
[Round "6"]
[White "Stark, Wolfgang"]
[Black "Godoj, Veit"]
[Result "1/2-1/2"]
[WhiteElo "2072"]
[BlackElo "1988"]
[PlyCount "133"]
[EventDate "2004.04.10"]
[EventType "swiss"]
[EventRounds "9"]
[EventCountry "GER"]
[SourceTitle "EXT 2007"]
[Source "ChessBase"]
[SourceDate "2006.11.23"]
[SourceVersion "1"]
[SourceVersionDate "2006.11.23"]
[SourceQuality "1"]

1. e4 g6 2. d4 Bg7 3. Nc3 c6 4. Nf3 d5 5. h3 dxe4 6. Nxe4 Nd7 7. Bd3 Ngf6 8. 0-0 Nxe4 9. Bxe4 Nf6 10. Bd3 0-0 11. c3 b6 12. Re1 Qc7 13. Qe2 e6 14. Ne5 Bb7 15. Bf4 Nd5 16. Bg3 Qe7 17. c4 Nb4 18. Bb1 Rad8 19. a3 Na6 20. Nf3 Bxd4 21. Nxd4 Rxd4 22. Be5 Rd7 23. Bc3 Nc7 24. Qf3 f6 25. h4 Ne8 26. h5 c5 27. Qh3 g5 28. Bf5 Ng7 29. Rxe6 Qd8 30. Rae1 Rd1 31. Rxd1 Qxd1+ 32. Re1 Qxh5 33. Qxh5 Nxh5 34. Re7 Bc8 35. Bxh7+ Kh8 36. Bg6 Nf4 37. Bf7 Ne2+ 38. Kf1 Nxc3 39. bxc3 a5 40. Bd5 f5 41. f4 gxf4 42. Kf2 f3 43. Kxf3 f4 44. Re4 Kg7 45. Rxf4 Rh8 46. Rf7+ Kg6 47. Rc7 Kg5 48. Rc6 Bg4+ 49. Kg3 Re8 50. Rxb6 Re3+ 51. Bf3 Rxc3 52. Rb5 Rxc4 53. Rxa5 Bxf3 54. Kxf3 Kf5 55. Ra8 Rc3+ 56. Ke2 Rc2+ 57. Kd3 Rxg2 58. Kc4 Rc2+ 59. Kd5 c4 60. Rf8+ Kg4 61. Kd4 Rc1 62. Rc8 Ra1 63. Ra8 Rc1 64. Ra4 c3 65. Kd3+ Kf3 66. Rc4 c2 67. Rxc2 1/2-1/2

[Event "Berlin op 10"]
[Site "Berlin"]
[Date "2000.11.20"]
[Round "6"]
[White "Mueller, Peter"]
[Black "Stark, Wolfgang"]
[Result "0-1"]
[WhiteElo "1754"]
[BlackElo "2044"]
[PlyCount "48"]
[EventDate "2000.10.16"]
[EventType "swiss"]
[EventRounds "7"]
[EventCountry "GER"]
[SourceTitle "EXT 2007"]
[Source "ChessBase"]
[SourceDate "2006.11.23"]
[SourceVersion "1"]
[SourceVersionDate "2006.11.23"]
[SourceQuality "1"]

1. e4 e5 2. Nf3 Nc6 3. d4 exd4 4. Bc4 Nf6 5. 0-0 Nxe4 6. Re1 d5 7. Bxd5 Qxd5 8. Nc3 Qa5 9. Nxe4 Be6 10. Bd2 Bb4 11. Nxd4 Nxd4 12. c3 0-0-0 13. cxb4 Qf5 14. Rc1 Bd5 15. Ng3 Qf6 16. Qg4+ Ne6 17. Be3 Kb8 18. b5 h5 19. Qa4 b6 20. Rc3 h4 21. Ra3 hxg3 22. Qxa7+ Kc8 23. fxg3 Qxb2 24. Bf2 Rxh2 0-1